阪神タイガース 2024年度応援歌 - Statistics

General Stats
  • This quiz has been taken 84 times
  • The average score is 30 of 79
Answer Stats
Hint Answer % Correct
大山悠輔 悠然と振り構えた
84%
バットに我らの夢を乗せて
78%
近本光司 切り拓け
74%
勝利への道
74%
燃えろ近本
74%
スタンドへはじき返せ
72%
栄光つかむその日まで
72%
木浪聖也 熱き心
70%
森下翔太 夢つかめ
70%
豪快なパワー
70%
渾身のフルスイング
68%
翔けろ森下
68%
打てグラウンド駆けろ
68%
打て輝明
68%
乗せたスイング
66%
勝利目指せ
66%
どでかいアーチ
64%
振り抜け輝け
64%
勝利への一撃
60%
行くぞ木浪
58%
勝利に向かって
58%
燃えろよ梅野
56%
佐藤輝明 突き進めさあ行こう
54%
梅野隆太郎 気迫のスイング
52%
お前の時代を築け
46%
果敢な戦士
46%
野手汎用 かっとばせ
46%
かっとばせ
46%
かっとばせ
46%
投手汎用 かっとばせ
46%
かっとばせ
46%
かっとばせ
46%
かっとばせ
46%
糸原健斗 誰にも劣らぬ
44%
ハートの強い男
44%
凛々しく泥臭く
44%
強気で攻めろ
42%
中野拓夢 強い気持ちで
42%
我武者羅に走り抜け
40%
打て走れ中野
40%
坂本誠志郎 狙いを定め
38%
さあ夢を拓け
34%
原口のすべて
32%
燃えさかれ
28%
鍛え抜いた日々よ
28%
さぁぶちかませ
26%
勝利へ駆けろ
26%
斬り込め全力で
24%
気力込めて今ここで
24%
島田海吏そのスピードで
24%
原口文仁 ここに立つ為に
24%
フィールド駆けろ
22%
魅せろ奮わせろ
22%
小幡竜平 光る技を
20%
今こそ見せろ
20%
狙い定めて小幡
20%
振り抜け右京
20%
気迫の一撃
18%
打ち抜け渡邉諒
16%
強打の一撃
16%
前川右京 勝利を導く
16%
今この瞬間
16%
捕手汎用 虎の扇の要
14%
渡邉諒 今見せろその打棒
12%
努力の証
12%
叩き込め
12%
唸りをあげるスイング
10%
チャンスをつかめ
10%
情熱を燃やして
10%
夢を勝ち取れ
10%
炎を巻き上げ
10%
燃える一撃を
10%
小野寺暖 気合いと度胸
8%
レッツゴー
8%
進め進め進め
8%
島田海吏 さあ行け快足で
6%
外国人選手二番 強く高くボール飛ばせ
6%
さあ行くぞ勝利へ
6%
勝利をつかめ中野
4%
No matching quizzes found
Score Distribution
Percent of People with Each Score
Percentile by Number Answered
Your Score History
You have not taken this quiz